Verilog HDL : a guide to digital design and synthesis (Record no. 23868)
[ view plain ]
| 000 -LEADER | |
|---|---|
| fixed length control field | 00842nam a22002057a 4500 |
| 003 - CONTROL NUMBER IDENTIFIER | |
| control field | NUST - PNEC |
| 005 - DATE AND TIME OF LATEST TRANSACTION | |
| control field | 20170621100542.0 |
| 008 - FIXED-LENGTH DATA ELEMENTS--GENERAL INFORMATION | |
| fixed length control field | 150915b xxu||||| |||| 00| 0 eng d |
| 020 ## - INTERNATIONAL STANDARD BOOK NUMBER | |
| International Standard Book Number | 8129700921 |
| 040 ## - CATALOGING SOURCE | |
| Transcribing agency | RCMS |
| Original cataloging agency | DLC |
| Language of cataloging | DLC |
| 050 ## - LIBRARY OF CONGRESS CALL NUMBER | |
| Classification number | 621.392 PAL |
| 082 ## - DEWEY DECIMAL CLASSIFICATION NUMBER | |
| Classification number | 621.392 PAL |
| Edition number | 2nd ed. |
| 100 ## - MAIN ENTRY--PERSONAL NAME | |
| 9 (RLIN) | 10530 |
| Personal name | Samir Palnitkar |
| 245 ## - TITLE STATEMENT | |
| Title | Verilog HDL : a guide to digital design and synthesis |
| Statement of responsibility, etc. | Samir Palnitkar |
| 250 ## - EDITION STATEMENT | |
| Edition statement | 2nd ed. |
| 260 ## - PUBLICATION, DISTRIBUTION, ETC. | |
| Date of publication, distribution, etc. | c.2003 |
| Place of publication, distribution, etc. | India |
| Name of publisher, distributor, etc. | Person Education |
| 300 ## - PHYSICAL DESCRIPTION | |
| Extent | xlii, 450 p. : |
| Other physical details | ill, ; |
| Dimensions | 26 cm. |
| 538 ## - SYSTEM DETAILS NOTE | |
| Display text | Shelf # 09, Row # 1, History & Digital Design. |
| 650 ## - SUBJECT ADDED ENTRY--TOPICAL TERM | |
| 9 (RLIN) | 10531 |
| Topical term or geographic name entry element | Verilog (Computer hardware description language) |
| General subdivision | MIS |
| 856 ## - ELECTRONIC LOCATION AND ACCESS | |
| Materials specified | Table of Contents Only. |
| 942 ## - ADDED ENTRY ELEMENTS (KOHA) | |
| Source of classification or shelving scheme | |
| Koha item type | Book |
| Classification part | 621.392 PAL |
| Withdrawn status | Lost status | Source of classification or shelving scheme | Damaged status | Not for loan | Permanent Location | Current Location | Shelving location | Date acquired | Full call number | Barcode | Date last seen | Price effective from | Koha item type | Total Checkouts |
|---|---|---|---|---|---|---|---|---|---|---|---|---|---|---|
| NUST Baluchistan Campus (NBC) | NUST Baluchistan Campus (NBC) | General Stacks | 04/24/2014 | 621.39SAM | RCMS000127 | 04/24/2014 | 04/24/2014 | Book | ||||||
| School of Interdisciplinary Engineering and Sciences (SINES) | School of Interdisciplinary Engineering and Sciences (SINES) | General Stacks | 12/18/2018 | 621.392 PAL | RCMS003104-D | 12/18/2018 | 12/18/2018 | Book |
